UK General Election Losing Candidates - Statistics

General Stats
  • This quiz has been taken 49 times
  • The average score is 18 of 22
Answer Stats
Year Party Answer % Correct
2024 Conservative Rishi Sunak
100%
2019 Labour Jeremy Corbyn
98%
2017 Labour Jeremy Corbyn
98%
2010 Labour Gordon Brown
95%
1950 Conservative Winston Churchill
95%
1945 Conservative Winston Churchill
95%
1997 Conservative John Major
88%
1974 (October) Conservative Edward Heath
86%
1974 (February) Conservative Edward Heath
86%
1966 Conservative Edward Heath
86%
1970 Labour Harold Wilson
86%
1955 Labour Clement Attlee
83%
1951 Labour Clement Attlee
83%
2015 Labour Ed Miliband
83%
1979 Labour James Callaghan
76%
1983 Labour Michael Foot
76%
1992 Labour Neil Kinnock
71%
1987 Labour Neil Kinnock
71%
2005 Conservative Michael Howard
69%
1964 Conservative Alec Douglas-Home
64%
2001 Conservative William Hague
62%
1959 Labour Hugh Gaitskell
40%
No matching quizzes found
Score Distribution
Percent of People with Each Score
Percentile by Number Answered
Your Score History
You have not taken this quiz